Ear, nose and throat and head and neck surgery : (Record no. 10262)
[ view plain ]
| 000 -LEADER | |
|---|---|
| fixed length control field | 00947nam a22002652 4500 |
| 001 - CONTROL NUMBER | |
| control field | 0000024410 |
| 005 - DATE AND TIME OF LATEST TRANSACTION | |
| control field | 20151217152301.0 |
| 008 - FIXED-LENGTH DATA ELEMENTS--GENERAL INFORMATION | |
| fixed length control field | 130912s xx 000 0 eng d |
| 020 ## - INTERNATIONAL STANDARD BOOK NUMBER | |
| International Standard Book Number | 0702044199 : |
| 040 ## - CATALOGING SOURCE | |
| Original cataloging agency | KABU |
| Transcribing agency | KABU |
| 100 1# - MAIN ENTRY--PERSONAL NAME | |
| Personal name | Dhillon, Ram S. |
| -- | 0000184500 |
| 245 10 - TITLE STATEMENT | |
| Title | Ear, nose and throat and head and neck surgery : |
| Remainder of title | an illustrated colour text / |
| Statement of responsibility, etc. | Ram S. Dhillon, Charles A. East. |
| 250 ## - EDITION STATEMENT | |
| Edition statement | 4th ed. |
| 260 ## - PUBLICATION, DISTRIBUTION, ETC. (IMPRINT) | |
| Place of publication, distribution, etc. | London : |
| Name of publisher, distributor, etc. | Churchill Livingstone, |
| Date of publication, distribution, etc. | 2013. |
| 300 ## - PHYSICAL DESCRIPTION | |
| Extent | viii, 123 p. |
| 650 #0 - SUBJECT ADDED ENTRY--TOPICAL TERM | |
| Topical term or geographic name as entry element | Otolaryngology, Operative. |
| -- | 0000184501 |
| 650 #0 - SUBJECT ADDED ENTRY--TOPICAL TERM | |
| Topical term or geographic name as entry element | Head |
| General subdivision | Surgery. |
| -- | 0000184502 |
| 650 #0 - SUBJECT ADDED ENTRY--TOPICAL TERM | |
| Topical term or geographic name as entry element | Neck |
| General subdivision | Surgery. |
| -- | 0000184503 |
| 650 #0 - SUBJECT ADDED ENTRY--TOPICAL TERM | |
| Topical term or geographic name as entry element | Otorhinolaryngologic diseases. |
| Form subdivision | Atlases |
| General subdivision | Surgery. |
| -- | 0000184504 |
| 650 #0 - SUBJECT ADDED ENTRY--TOPICAL TERM | |
| Topical term or geographic name as entry element | Head and neck neoplasms. |
| Form subdivision | Atlases |
| General subdivision | Surgery. |
| -- | 0000184505 |
| 700 1# - ADDED ENTRY--PERSONAL NAME | |
| Personal name | East, Charles A. |
| -- | 0000184506 |
| 852 1# - LOCATION | |
| -- | p5066 KES |
| 908 ## - PUT COMMAND PARAMETER (RLIN) | |
| Put command parameter | 130912 |
| 950 ## - LOCAL HOLDINGS (RLIN) | |
| -- | 1 |
| Withdrawn status | Lost status | Source of classification or shelving scheme | Not for loan | Home library | Current library | Date acquired | Total Checkouts | Full call number | Barcode | Date last seen | Date last checked out | Price effective from | Koha item type |
|---|---|---|---|---|---|---|---|---|---|---|---|---|---|
| Library of Congress Classification | Kabarak, Main Campus | Kabarak, Main Campus | 17/12/2015 | 3 | RF51 .D45 2013 c. 1 | 016109 | 17/10/2023 | 29/09/2023 | 17/12/2015 | General Collection |